000 00431nam a2200145 a 4500
005 20140310183143.0
008 021111s19uu xx 00 eng d
050 _aHD 58.7
_b.Or68 1997
245 _aOrganisational theory :
_bperformance, performance personnel policies /
_cEdited by Nachhattar Singh.
300 _a351 p. :
_c22 cm.
521 _aBSBA
650 _aPersonnel management
942 _cBK
_2lcc
_kFOR
999 _c19447
_d19447